000 00519nam a22001697a 4500
003 OSt
005 20260216145421.0
008 260216b |||||||| |||| 00| 0 eng d
040 _cMRSPTU
041 _aEnglish
100 _a Ajay Batra, Supervisor: Dr. Manjeet Bansal
245 _aRisk Management in Highway Bot Projects in NHAI
260 _bDepartment of Civil Engg. MRSPTU, Bathinda
_c2018
650 _aCivil Engineering
856 _uhttp://163.47.215.52:8080/jspui/handle/123456789/276
942 _2ddc
_cTH
_n0
999 _c10911
_d10911